Buslinien Dresden - Statistiken

Allgemein
  • Dieses Quiz wurde 42 mal gespielt
  • Das Durchschnittsergebnis liegt bei 16 aus 33
Antwortstatistiken
Besonderheit Endstation Endstation Linie % Korrekt
X Löbtau Pillnitz 63
100%
X Löbtau Fernsehturm/ Weißig 61
86%
X Dölzschen/ Löbtau Süd/S-Bf. Plauen Johannstadt 62
83%
X Blasewitz Luga/ Heidenau 65
78%
X Cossebaude/Niederwartha Goppeln/Leubnitzer Höhe 68
72%
X Omsewitz Bf. Klotzsche 80
67%
X Kaditz Strießen, Spenerstraße/Reick Hülße Gymnasium 64
64%
X Mockritz/ Südhöhe/Freital Deuben Lockwitz/ Nickern 66
64%
X Elbe Park Boxdorf/Klotzsche Infineon 72
56%
X Gompitz Bf. Klotzsche 70
53%
X Strießen, Niederwaldplatz Löbtau Süd 85
50%
X Kleinzschachwitz Goppeln 88
50%
X Kreischa Heidenau 86
47%
X Bf. Neustadt Wilschdorf 81
44%
X Mockritz Strießen, Altenberger Straße 87
44%
X Cotta Ockerwitz 92
44%
X Jägerpark Marienallee 74
42%
X Klotzsche Infineon Flughafen/Klotzsche Industriegebiet Nord/ Marsdorf Zum Spitzeberg 77
42%
X Übigau Mickten 79
39%
X Bühlau Blasewitz 84
39%
X Niedersedlitz Lockwitz/ Röhrsdorf 89
39%
X Wilder Mann Wurzener Straße 73
36%
X S-Bf. Pieschen Trachenberge JVA 76
36%
X Wilschdorf Bahnhof Radeberg/Ottendorf Okrilla Bf. Süd 78
36%
X Gompitz Löbtau 90
33%
X Cotta Cossebaude 93
33%
alita Cossebaude Cossebaude 95
33%
X Pillnitz Graupa/ Bonnewitz 83
31%
X Cotta Gompitz 91
31%
alita Leutewitz Zschonergrundmühle 97
31%
über: Pappritz Weißig Niederpoyritz 98A
25%
über: Rockau Weißig Niederpoyritz 98B
25%
X Schönfeld Borsberg 98C
19%
Keine übereinstimmenden Quizze gefunden
Verteilung der Resultate
Anzahl Personen mit jedem Resultat
Perzentil nach korrekt beantworteten Fragen
Ihre Resultats-Entwicklung
Sie haben dieses Quiz noch nicht gespielt